000 00680nam a2200205 a 4500
005 20200104041554.0
008 140317b2005 ck a||||r|||| 00| 0 spa d
040 _aCO-BoIAVH
_cCO-BoIAVH
041 0 _aspa
044 _ack
082 0 4 _a363.70526
_bD11m
110 2 _aPrograma de las Naciones Unidas para el Medio Ambiente
245 1 0 _aDía mundial del medio ambiente 5 de junio de 2005 /
_cPNUMA
260 _as.l. :
_bPNUMA,
_c2005.
300 _a43 páginas :
_bilustraciones a color ;
_c21 x 15 cm.
650 2 6 _aProtección ambiental
650 2 6 _aCooperación internacional
650 2 6 _aConservación de la naturaleza
942 _cLIBRO
_2ddc
999 _c4946
_d4946